Slovenské poľnohospodárstvo po vstupe do Európskej únie

Úroveň agropotravinárskeho sektora Slovenska. Dlhodobý vývoj poľnohospodárskej výroby (v stálych cenách). Situácia v odvetví poľnohospodárstva pred vstupom do EÚ a v prvom roku implementácie spoločnej poľnohospodárskej politiky. Cenová adaptácia. Výhľad vývoja agropotravinárskej produkcie.

Guardado en:
Detalles Bibliográficos
Autor principal: Blaas, Gejza
Formato: Capítulo de libro
Lenguaje:eslovaco
Materias:
Etiquetas: Agregar Etiqueta
Sin Etiquetas, Sea el primero en etiquetar este registro!

MARC

LEADER 00000naa$a2200000$$$4500
001 0028239
005 20230808080809.4
041 0 |a slo 
044 |a SK 
245 1 0 |a Slovenské poľnohospodárstvo po vstupe do Európskej únie  |c Gejza Blaas 
520 |a Úroveň agropotravinárskeho sektora Slovenska. Dlhodobý vývoj poľnohospodárskej výroby (v stálych cenách). Situácia v odvetví poľnohospodárstva pred vstupom do EÚ a v prvom roku implementácie spoločnej poľnohospodárskej politiky. Cenová adaptácia. Výhľad vývoja agropotravinárskej produkcie. 
610 2 0 |a poľnohospodárstvo 
610 2 0 |a agropotravinárstvo 
610 2 0 |a Slovensko 
610 2 0 |a výroba poľnohospodárska 
610 2 0 |a komodity 
610 2 0 |a ceny 
610 2 0 |a hladina cenová 
610 2 0 |a politika poľnohospodárska 
610 2 0 |a Európska únia 
100 1 |a Blaas, Gejza